Online
Catalog

Política y seguridad nacional / (Record no. 24713)

MARC details
000 -CABECERA
campo de control de longitud fija 00981nam a2200253 u 4500
001 - NÚMERO DE CONTROL
campo de control 000025220
005 - FECHA Y HORA DE LA ÚLTIMA TRANSACCIÓN
campo de control 20200930023635.0
008 - DATOS DE LONGITUD FIJA--INFORMACIÓN GENERAL
campo de control de longitud fija 110211s1996 mx r 001 0 spa d
020 ## - NÚMERO INTERNACIONAL ESTÁNDAR DEL LIBRO
Número Internacional Estándar del Libro 9706370528
040 ## - FUENTE DE LA CATALOGACIÓN
Centro catalogador/agencia de origen DO-SdBNP
Lengua de catalogación spa
Centro/agencia transcriptor BNPHU
041 17 - CÓDIGO DE LENGUA
Código de lengua del texto/banda sonora o título independiente spa
Código de lengua original eng
Fuente del código Código de idiomas MARC
082 ## - NÚMERO DE LA CLASIFICACIÓN DECIMAL DEWEY
Número de clasificación nn*
Número de documento/Ítem nn*
049 ## - FONDOS LOCALES (OCLC)
Fondos de biblioteca BNGR
100 1# - ENTRADA PRINCIPAL--NOMBRE DE PERSONA
Nombre de persona Blechman, Barry M.
9 (RLIN) 51694
240 14 - TÍTULO UNIFORME
Título uniforme The politics of national security: Congress and U.S. Defense Policy.
Lenguaje de la obra Español
245 10 - MENCIÓN DE TÍTULO
Título Política y seguridad nacional /
Mención de responsabilidad, etc. Barry M. Blechman ; traducción de Ana Isabel Stellino.
260 ## - PUBLICACIÓN, DISTRIBUCIÓN, ETC.
Lugar de publicación, distribución, etc. México, D. F. :
Nombre del editor, distribuidor, etc. Gernika,
Fecha de publicación, distribución, etc. 1996.
300 ## - DESCRIPCIÓN FÍSICA
Extensión 374 p ;
Dimensiones 21 cm.
490 1# - MENCIÓN DE SERIE
Mención de serie Ciencias políticas.
Designación de volumen o secuencia 31
534 ## - NOTA SOBRE LA VERSIÓN ORIGINAL
Encabezamiento principal del original Título original en inglés :
Mención de título del original The politics of national security: Congress and U.S. Defense Policy
500 ## - NOTA GENERAL
Nota general Incluye referencias bibliográficas y notas al pie de las páginas.
700 1# - PUNTO DE ACCESO ADICIONAL--NOMBRE DE PERSONA
Nombre de persona Stellino, Ana Isabel,
Término indicativo de función/relación tr.
9 (RLIN) 6685
830 #0 - PUNTO DE ACCESO ADICIONAL DE SERIE-TÍTULO UNIFORME
Título uniforme Ciencias políticas.
Designación de volumen o secuencia 31
9 (RLIN) 48695
Holdings
Estado de retiro Estado de pérdida Restricciones de uso No para préstamo Código de colección Localización permanente Ubicación/localización actual Ubicación en estantería Fecha de adquisición Número de inventario Total de préstamos Signatura topográfica completa Código de barras Fecha visto por última vez Precio válido a partir de Tipo de ítem Koha
        Monografías: Libros y Folletos General General En catalogación 11.02.2011 LF1   nn* nn* 25220-10 25.06.2020 25.06.2020 Préstamo en sala

Powered by Koha